000 00632nam a2200241Ia 4500
003 OSt
005 20230412122205.0
008 210423s2008 xx 000 0 und d
020 _a978052940973
040 _cAL
041 _aeng
082 _a330.0151
_223
_bSYDE
100 _aSYDSAETER (Knut);others
_986973
245 _aEconomists mathematical manual
250 _a4
260 _aNew Delhi
_bResearch and Education Association
_c2008
300 _axii,225
_bPB
365 _b595
_cINR
650 _aEconomics
_986974
650 _aEconomics
_986974
906 _aEconomists ; manual ; mathematical
942 _2ddc
_cBK
999 _c157228
_d157228